O pequeno polegar (Registo nº 4368)
[ vista simples ]
| 000 -Etiqueta do registo | |
|---|---|
| Cabeçalho | 00899nam0a2200313 4500 |
| 005 - Identificador da versão | |
| Campo de controlo | 20240813122059.0 |
| 010 ## - Número internacional normalizado dos livros (ISBN) | |
| Número (ISBN) | 972261584X |
| 021 ## - Número do Depósito Legal | |
| Código do país | PT |
| Número | 137345/99 |
| Código do país | PT |
| Código do país | PT |
| Código do país | PT |
| 100 ## - Dados gerais de processamento | |
| Dados gerais de processamento | 20170303d1999 b y0pory5003 ba |
| 102 ## - Pais de publicação ou produção | |
| País de publicação | Portugal |
| 101 1# - Língua de publicação | |
| Língua do texto, banda sonora, etc. | Português |
| Língua do documento no original | Francês |
| 215 ## - Descrição física | |
| Indicação específica da natureza do documento e extensão da espécie | [20] p. |
| Outras indicações físicas | il. color |
| 200 1# - Titulo e menção de responsabilidade | |
| Título próprio | O pequeno polegar |
| Primeira menção de responsabilidade | texto e il. de Gauthier Dosimont |
| Outras menções de responsabilidade | trad. Ana Rita Viana |
| 225 1# - Colecção | |
| Título próprio da colecção | Histórias de sempre |
| 210 ## - Publicação, Distribuição, etc. | |
| Lugar da edição, distribuição, etc. | [Porto] |
| Nome do editor, distribuidor, etc. | Civilização |
| Data da publicação, distribuição, etc. | 1999 |
| 517 1# - Outras variantes do título | |
| Variant Title | <O >pequeno polegar |
| 606 ## - Nome comum usado como assunto | |
| Número de registo de entrada de autoridade | 0001472 |
| Palavra de ordem | Literatura belga em língua francesa |
| Subdivisão de assunto | Conto |
| Código do sistema | CA |
| 675 ## - Classificação Decimal Universal (CDU) | |
| Notação | 821.133.1(493)-34 |
| Edição | 3ª ed. |
| Língua da edição | por |
| 702 #1 - Nome de autor-pessoa física (responsabilidade secundária) | |
| Número de registo de entrada de autoridade | 0000833 |
| Palavra de ordem | Viana |
| Outra parte do nome não tomada para palavra de ordem | Ana Rita |
| Código de função | Tipógrafo |
| Número de registo de entrada de autoridade | 0000796 |
| Palavra de ordem | Dosimont |
| Outra parte do nome não tomada para palavra de ordem | Gauthier |
| Código de função | Ilustrador / Técnico de desenho computorizado |
| 700 #1 - Nome de autor-pessoa física (responsabilidade principal) | |
| Número de registo de entrada de autoridade | 0000796 |
| Palavra de ordem | Dosimont |
| Outra parte do nome não tomada para palavra de ordem | Gauthier |
| 966 ## - Identificação da Biblioteca | |
| Sigla | EBVEN |
| 942 ## - Elementos de entrada adicionados (Koha) | |
| Tipo de item no Koha | Livro |
| Situação do levantamento | Origin of item (home branch) (coded) | Biblioteca de empréstimo | Código de barras | Cota | Circulation type (not for loan) | Tipo de documento | Nota do exemplar | Damaged status |
|---|---|---|---|---|---|---|---|---|
| Biblioteca Escolar das Vendas | Biblioteca Escolar das Vendas | BEV135 | 8EST POL | Livro | Sem mensagem |
